[Event "Match"]
[Site "www.echecsemail.com"]
[Date "2018.03.09"]
[Round "1"]
[White "Gidi5"]
[Black "Micheles"]
[WhiteElo "2290"]
[BlackElo "2580"]
[Result "0-1"]
[Round "1"]
1.e4 c6
2.Nb1c3 d5
3.Ng1f3 Bc8g4
4.h3 Bg4xf3
5.Qd1xf3 e6
6.d3 Nb8d7
7.exd5 cxd5
8.Bc1f4 Qd8b6
9.O-O-O d4
10.Nc3e4 Ng8f6
11.Ne4d2 Nf6d5
12.Nd2c4 Qb6c5
13.Kb1 Bf8e7
14.a3 b5
15.Nc4a5 Ra8c8
16.Rd1c1 b4
17.Na5b3 Qc5b6
18.a4 Nd7c5
19.a5 Qb6b5
20.Nb3xc5 Rc8xc5
21.Rc1e1 b3
22.Re1c1 bxc2
23.Rc1xc2 Rc5xc2
24.Kxc2 O-O
25.Bf4d2 Rf8c8
26.Kb1 Be7a3
27.Bd2c1 Rc8xc1
28.Kxc1 Qb5xb2
{ resign }
0-1

[Event "Match"]
[Site "www.echecsemail.com"]
[Date "2018.03.09"]
[Round "1"]
[White "Gidi5"]
[Black "Pellix84"]
[WhiteElo "2260"]
[BlackElo "2090"]
[Result "1-0"]
[Round "1"]
1.e4 c5
2.Ng1f3 d6
3.d4 cxd4
4.Nf3xd4 Ng8f6
5.Nb1c3 a6
6.Bc1e3 b5
7.a3 e6
8.Bf1e2 Bc8b7
9.Be2f3 Nb8d7
10.Qd1e2 Nd7b6
11.Nd4xb5 d5
12.exd5 Nb6xd5
13.Nc3xd5 Bb7xd5
14.Bf3xd5 Nf6xd5
15.O-O-O Bf8e7
16.Nb5c3 O-O
17.Nc3xd5 exd5
18.Qe2f3 Be7f6
19.Rd1xd5 Qd8e7
20.Be3c5 Bf6g5
21.Kb1 Qe7f6
22.Qf3xf6 Bg5xf6
23.Bc5xf8 Ra8xf8
24.Rd5a5 Rf8a8
25.Rh1d1 g6
26.Rd1d6 Kg7
27.Ra5xa6 Ra8xa6
28.Rd6xa6 Bf6d4
29.f3 f5
30.b4 h5
31.b5 g5
32.b6 { resign }
1-0

[Event "Match"]
[Site "www.echecsemail.com"]
[Date "2018.03.09"]
[Round "1"]
[White "Hundegana"]
[Black "Gegonz"]
[WhiteElo "2030"]
[BlackElo "1610"]
[Result "0-1"]
[Round "1"]
1.d4 d5
2.f4 Bc8f5
3.Ng1f3 Ng8f6
4.Nb1c3 e6
5.Nf3e5 Nb8d7
6.e3 Bf8b4
7.a3 Bb4xc3
8.bxc3 O-O
9.Ra1b1 Nd7b6
10.h3 Nf6e4
11.Bf1d3 Qd8h4
12.Ke2 Qh4f2
{ resign }
0-1

[Event "Match"]
[Site "www.echecsemail.com"]
[Date "2018.03.09"]
[Round "1"]
[White "Sefj"]
[Black "Aiko1603"]
[WhiteElo "1809"]
[BlackElo "2170"]
[Result "1/2-1/2"]
[Round "1"]
1.e4 c5
2.Ng1f3 Nb8c6
3.Nb1c3 g6
4.Bf1c4 Bf8g7
5.Nf3g5 Nc6e5
6.Bc4b3 e6
7.f4 Ne5c6
8.Nc3b5 d6
9.d3 Qd8a5
10.Nb5c3 Bg7xc3
11.bxc3 Qa5xc3
12.Bc1d2 Qc3d4
13.Ra1b1 Ng8e7
14.Ng5f3 Qd4f6
15.g3 Nc6d4
16.Nf3xd4 Qf6xd4
17.c3 Qd4f6
18.Qd1c2 O-O
19.c4 Ne7c6
20.Bd2c3 Nc6d4
21.Qc2b2 e5
22.Rh1f1 Bc8h3
23.Rf1f2 Qf6e6
24.Bc3xd4 exd4
25.Bb3a4 b6
26.Ba4c6 Ra8c8
27.Bc6d5 Qe6e7
28.Qb2e2 h5
29.e5 dxe5
30.fxe5 Rc8e8
{ draw }
1/2-1/2

[Event "Match"]
[Site "www.echecsemail.com"]
[Date "2018.03.09"]
[Round "1"]
[White "Muderfuger"]
[Black "Caroluigi"]
[WhiteElo "1570"]
[BlackElo "1780"]
[Result "0-1"]
[Round "1"]
1.e4 e5
2.Qd1f3 Ng8f6
3.Bf1c4 Bf8c5
4.Qf3g3 O-O
5.d4 exd4
6.Bc1h6 Nf6h5
7.Qg3g4 Qd8f6
8.Bh6g5 Qf6g6
 { time }
0-1

[Event "Match"]
[Site "www.echecsemail.com"]
[Date "2018.03.09"]
[Round "1"]
[White "Pellix84"]
[Black "Fegatux"]
[WhiteElo "2120"]
[BlackElo "1499"]
[Result "0-1"]
[Round "1"]
1.d4 Ng8f6
2.Ng1f3 d6
3.c4 Nb8d7
4.Nb1c3 e5
5.Qd1c2 Qd8e7
6.Bc1g5 h6
7.Bg5xf6 Nd7xf6
8.dxe5 dxe5
9.e4 c6
10.h3 g6
11.Ra1d1 Bf8g7
12.Qc2a4 O-O
13.Bf1e2 Nf6d7
14.b4 Nd7b6
15.Qa4b3 Bc8e6
16.O-O Rf8d8
17.a3 Kh7
18.Nc3a4 Nb6d7
19.Qb3e3 b6
20.Nf3h2 Nd7f6
21.Na4b2 Rd8xd1
22.Rf1xd1 Ra8d8
23.Nb2d3 Be6xc4
24.Nh2g4 Nf6xg4
25.Be2xg4 h5
26.Bg4e2 Bc4b3
27.Rd1f1 Bb3c2
28.Qe3g3 Bc2xd3
29.Be2xd3 Rd8d4
30.Kh1 Bg7h6
31.Bd3b1 c5
32.bxc5 bxc5
33.Qg3b3 c4
34.Qb3a2 Qe7e6
35.Qa2b2 Rd4d2
36.Qb2c3 Bh6f4
37.Bb1c2 Kg7
38.Rf1d1 Rd2xf2
39.Kg1 Qe6b6
{ resign }
0-1

[Event "Match"]
[Site "www.echecsemail.com"]
[Date "2018.03.09"]
[Round "1"]
[White "Odd"]
[Black "Hundegana"]
[WhiteElo "1809"]
[BlackElo "2020"]
[Result "0-1"]
[Round "1"]
1.e4 c5
2.c3 e6
3.Bf1c4 a6
4.d4 cxd4
5.Qd1xd4 Nb8c6
6.Qd4e3 Nc6e5
7.Bc4e2 b5
8.b3 Bc8b7
9.Ng1h3 Ra8c8
10.Qe3g3 Qd8c7
 { time }
0-1

[Event "Match"]
[Site "www.echecsemail.com"]
[Date "2018.03.09"]
[Round "1"]
[White "Whitekknight"]
[Black "Coraza"]
[WhiteElo "1960"]
[BlackElo "1770"]
[Result "1-0"]
[Round "1"]
1.e4 e5
2.Ng1f3 Nb8c6
3.Bf1c4 h6
4.Nb1c3 Ng8f6
5.O-O Bf8b4
6.a3 Bb4xc3
7.dxc3 O-O
8.Bc1e3 Nf6xe4
9.Nf3d2 Ne4xd2
10.Qd1xd2 Nc6a5
11.Bc4a2 Qd8f6
12.Rf1e1 d6
13.c4 Bc8e6
14.Qd2xa5 b6
15.Qa5d2 Ra8d8
16.Ra1d1 d5
17.cxd5 c6
18.Qd2e2 cxd5
19.c3 d4
20.Ba2xe6 fxe6
21.cxd4 e4
22.Re1f1 Rd8c8
23.Rd1d2 a5
24.Qe2b5 Rc8b8
25.Qb5c6 Rf8c8
26.Qc6xe4 b5
27.Rd2c2 Rc8e8
28.Rc2c6 b4
29.axb4 Rb8xb4
30.Rf1c1 Rb4xb2
31.Qe4e5 Qf6g6
32.g3 a4
33.Rc6a6 Rb2a2
34.h3 a3
35.Qe5c5 Qg6e4
36.Ra6xa3 Ra2b2
37.Rc1f1 Re8b8
38.Qc5e5 Qe4c6
39.Rf1c1 Rb2b1
40.Kh2 Rb1xc1
41.Qe5xb8 Kh7
42.Be3xc1 Qc6xc1
43.Qb8b3 Qc1e1
44.Qb3e3 Qe1b4
45.Qe3e4 g6
46.Ra3a7 Kg8
47.Qe4xg6 { resign }
1-0

[Event "Match"]
[Site "www.echecsemail.com"]
[Date "2018.03.09"]
[Round "1"]
[White "Add"]
[Black "Fegatux"]
[WhiteElo "2170"]
[BlackElo "2119"]
[Result "0-1"]
[Round "1"]
1.e4 d6
2.Nb1c3 Ng8f6
3.d4 c6
4.h3 g6
5.Ng1f3 Qd8a5
6.Bf1d3 Bf8g7
7.O-O Nb8d7
8.a3 b5
9.b4 Qa5b6
10.Bc1e3 Qb6b8
11.Qd1d2 O-O
12.Be3h6 e5
13.Bh6xg7 Kxg7
14.d5 cxd5
15.Nc3xd5 Nf6xd5
16.exd5 a6
17.Nf3g5 h6
18.Ng5e4 f5
19.Ne4g3 Nd7f6
20.c4 bxc4
21.Bd3xc4 f4
22.Ng3h1 f3
23.g4 Nf6e4
24.Qd2d3 Ne4g5
25.Kh2 Rf8f4
26.Nh1g3 Qb8c7
27.Ra1c1 Qc7d7
28.Rf1e1 Ng5xh3
29.Kxh3 Qd7xg4
30.Kh2 Qg4h3
{ resign }
0-1

[Event "Match"]
[Site "www.echecsemail.com"]
[Date "2018.03.09"]
[Round "1"]
[White "Fegatux"]
[Black "Caroluigi"]
[WhiteElo "2169"]
[BlackElo "2040"]
[Result "1-0"]
[Round "1"]
1.d4 Ng8f6
2.c4 e6
3.Ng1f3 d5
4.g3 Bf8e7
5.Bf1g2 O-O
6.O-O c6
7.Qd1c2 Nb8d7
8.Nb1d2 dxc4
9.Nd2xc4 Nf6d5
10.a3 Nd5b6
11.e4 Nb6xc4
12.Qc2xc4 Nd7b6
13.Qc4e2 Nb6d7
14.Rf1d1 b5
15.d5 Qd8b6
16.dxc6 Qb6xc6
17.Nf3d4 Qc6c4
18.Qe2xc4 bxc4
19.e5 Ra8b8
20.Nd4c6 { resign }
1-0

[Event "Match"]
[Site "www.echecsemail.com"]
[Date "2018.03.09"]
[Round "1"]
[White "Bjonil60"]
[Black "Muderfuger"]
[WhiteElo "1490"]
[BlackElo "1590"]
[Result "1-0"]
[Round "1"]
1.Ng1f3 e6
2.d3 d5
3.d4 Ng8f6
4.e3 Bf8b4
5.c3 Bb4a5
6.Nb1a3 Nf6e4
7.Bf1d3  { time }
1-0

[Event "Match"]
[Site "www.echecsemail.com"]
[Date "2018.03.09"]
[Round "1"]
[White "Odd"]
[Black "Pinehill"]
[WhiteElo "1809"]
[BlackElo "2060"]
[Result "0-1"]
[Round "1"]
1.d4 Ng8f6
2.Nb1c3 d5
3.Bc1f4 c6
4.h3 Bc8f5
5.Ng1f3 Nb8d7
6.Nf3d2 e6
7.g4 Bf5g6
8.Bf1g2 Bf8b4
9.Ra1b1 O-O
10.a3 Bb4xc3
11.bxc3 b6
 { time }
0-1

[Event "1/32 Finale"]
[Site "www.chess-mail.com"]
[Date "2018.03.09"]
[Round "1"]
[White "Fieldfast"]
[Black "Asoka"]
[WhiteElo "2410"]
[BlackElo "2660"]
[Result "0-1"]
[Round "1"]
1.e4 c5
2.Ng1f3 e6
3.d3 Nb8c6
4.g3 d5
5.Nb1d2 Ng8f6
6.Bf1g2 Bf8e7
7.O-O O-O
8.Rf1e1 Qd8c7
9.e5 Nf6d7
10.Qd1e2 b5
11.Nd2f1 h6
12.h4 Bc8b7
13.Bc1f4 Rf8c8
14.Nf1h2 Be7f8
15.Nh2g4 b4
16.Qe2d2 Qc7d8
17.h5 Ra8b8
18.c3 a5
19.c4 Nd7b6
20.b3 a4
21.Ra1d1 Nc6e7
22.Nf3h4 Nb6d7
23.Qd2e2 Rc8c7
24.Bf4c1 Ne7c6
25.f4 Nc6d4
26.Qe2b2 dxc4
27.dxc4 Bf8e7
28.Re1e3 Be7xh4
29.gxh4 Qd8xh4
30.Bg2xb7 Qh4xg4
{ resign }
0-1

[Event "1/64 Finale"]
[Site "www.chess-mail.com"]
[Date "2018.03.09"]
[Round "1"]
[White "Reda"]
[Black "Sefj"]
[WhiteElo "2159"]
[BlackElo "2130"]
[Result "0-1"]
[Round "1"]
1.d4 Ng8f6
2.Bc1f4 d5
3.Nb1c3 e6
4.Ng1f3 Nf6e4
5.Nc3b5 Nb8a6
6.e3 c6
7.Nb5a3 Qd8a5
8.c3 Ne4xc3
9.bxc3 Qa5xc3
10.Nf3d2 Qc3xa3
11.Bf1e2 Na6b4
12.Qd1b3 Qa3xb3
13.axb3 Nb4c2
14.Kd1 Nc2xa1
15.Kc1 Bf8b4
16.Nd2f3 Na1xb3
17.Kb2 Nb3a5
18.Rh1b1 Bb4e7
19.Be2d3 Bc8d7
20.Kc2 h6
21.Bf4c7 b6
22.Bc7g3 O-O
23.Nf3e5 Bd7e8
24.f4 c5
25.dxc5 Be7xc5
26.e4 Bc5e3
27.Ne5g4 Ra8c8
28.Kd1 Be8a4
29.Ke2 Be3d4
30.exd5 exd5
31.Rb1b4 Rf8e8
32.Kf3 Ba4d1
33.Bd3e2 Bd1xe2

0-1

[Event "Tourn. n9663"]
[Site "www.chess-mail.com"]
[Date "2018.03.11"]
[Round "1"]
[White "Osopanda"]
[Black "Odin"]
[WhiteElo "1800"]
[BlackElo "1880"]
[Result "1/2-1/2"]
[Round "1"]
1.d4 Ng8f6
2.c4 e6
3.Nb1c3 d5
4.Bc1g5 Bf8e7
5.Ng1f3 Nb8d7
6.e3 Nf6e4
7.Bg5xe7 Qd8xe7
8.Bf1d3 c5
9.Nc3xe4 dxe4
10.Bd3xe4 Ra8b8
11.O-O O-O
12.d5 exd5
13.Be4xd5 Nd7f6
14.Qd1d3 Rf8e8
15.Ra1d1 Bc8e6
16.e4 Be6xd5
17.exd5 Qe7e2
18.Rf1e1 Qe2xd3
19.Re1xe8 Rb8xe8
20.Rd1xd3 Re8e2
21.Rd3d2 Re2e4
22.b3 h6
23.h3 Kf8
24.Kf1 Ke7
25.Rd2e2 b6
26.Re2xe4 Nf6xe4
27.Nf3e5 Kf6
28.Ne5d7 Ke7
29.Nd7b8 a5
30.Nb8c6 Kd6
31.Nc6d8 Ke7
32.Nd8c6 Kd6
33.Ke1 f5
34.a3 g6
35.Nc6d8 h5
36.f3 Ne4g5
37.Ke2 f4
38.Kd3 Ke5
{ draw }
1/2-1/2

[Event "Tourn. n9696"]
[Site "www.chess-mail.com"]
[Date "2018.03.11"]
[Round "1"]
[White "Pachi"]
[Black "Dussek"]
[WhiteElo "1640"]
[BlackElo "1800"]
[Result "0-1"]
[Round "1"]
1.e4 c5
2.d4 cxd4
3.Qd1xd4 Nb8c6
4.Qd4d3 e5
5.Ng1f3 Ng8f6
6.Bc1g5 Bf8e7
7.Bg5xf6 Be7xf6
8.c3 O-O
9.g4 h6
10.h4 d6
11.Bf1h3 Bc8e6
12.b4 Ra8c8
13.O-O a6
14.b5 Nc6a5
15.bxa6 Be6c4
16.Qd3d1 Bc4xf1
17.Bh3xf1 bxa6
18.Bf1xa6 Rc8a8
19.Ba6b5 Ra8b8
20.c4 Qd8b6
21.g5 hxg5
22.hxg5 Bf6e7
23.Nb1c3 Qb6c5
24.Nc3d5 Be7d8
25.a4 Na5xc4
26.Bb5xc4 Qc5xc4
27.a5 Qc4xe4
28.Ra1a3 Qe4g4
29.Kf1 Bd8xg5
30.a6 Qg4h3
31.Ke2 Rb8b2
32.Kd3 Rb2xf2
33.Kc4 Qh3g4
34.Kb5 Rf8b8
35.Kc6 Qg4c4
36.Kxd6 Bg5c1
37.a7 Rb8d8
38.Ke7 Rd8a8
39.Ra3c3 Qc4f1
40.Qd1xc1 Qf1xc1
41.Rc3xc1 Rf2xf3
42.Rc1c7 Rf3a3
43.Kd6 Ra3xa7
44.Kxe5 Ra7xc7
45.Nd5xc7 Ra8c8
46.Nc7d5 Rc8c5
47.Kd6 Rc5c1
48.Nd5e7 Kh7
49.Ne7d5 g5
50.Ke7 Kg7
51.Nd5f6 Rc1e1
52.Kd6 Kxf6
53.Kd5 g4
54.Kd4 g3
{ resign }
0-1

[Event "Tourn. n9704"]
[Site "www.chess-mail.com"]
[Date "2018.03.11"]
[Round "1"]
[White "Jackbauer"]
[Black "Julian"]
[WhiteElo "1860"]
[BlackElo "1800"]
[Result "1-0"]
[Round "1"]
1.e4 e5
2.f4 d5
3.exd5 e4
4.c4 Ng8f6
5.Qd1c2 Bf8c5
6.h3 O-O
7.d4 exd3
8.Bf1xd3 Rf8e8
9.Ng1e2 Qd8e7
10.a3 c6
11.Nb1c3 cxd5
12.cxd5 Qe7e3
13.Bc1xe3 Bc5xe3
14.Nc3b5 Nb8a6
15.Nb5d6 Re8d8
16.Nd6f5 Be3c5
17.Bd3xa6 Bc5b6
18.Ba6c4 Bc8xf5
19.Qc2xf5 Rd8e8
20.Bc4d3 Ra8d8
21.Bd3c4 Re8e3
22.Ra1d1 Rd8e8
23.Rd1d2 Nf6e4
24.Rd2d3 Ne4d6
25.Qf5g4 f5
26.Qg4g5 Re3xd3
27.Bc4xd3 Nd6e4
28.Qg5xf5 Ne4f2
29.Qf5d7 Nf2xd3
30.Kf1 Re8d8
31.Qd7b5 { resign }
1-0

[Event "Tourn. n9670"]
[Site "www.chess-mail.com"]
[Date "2018.03.11"]
[Round "1"]
[White "Numanoid"]
[Black "Tartan"]
[WhiteElo "2410"]
[BlackElo "2530"]
[Result "1-0"]
[Round "1"]
1.d4 Ng8f6
2.Bc1g5 Nf6e4
3.Bg5h4 c5
4.f3 g5
5.fxe4 gxh4
6.e3 Bf8h6
7.Qd1d3 Nb8c6
8.Ng1f3 Qd8b6
9.Nb1a3 Qb6xb2
10.Ra1b1 Qb2xa2
11.Qd3c3 cxd4
12.exd4 Qa2e6
13.d5 Qe6xe4
14.Kf2 Rh8g8
15.dxc6 dxc6
16.Na3c4 Bh6g7
17.Qc3d3 Qe4f4
18.g3 Qf4f6
19.Nc4e5 Bc8f5
20.Qd3b3 Bf5c8
21.Rb1d1 h5
22.gxh4 Bg7h6
23.Bf1c4 e6
24.Rh1g1 Rg8xg1
25.Rd1xg1 Bh6f8
26.Rg1g8 a6
27.Qb3e3 { resign }
1-0

[Event "Tourn. n9703"]
[Site "www.chess-mail.com"]
[Date "2018.03.11"]
[Round "1"]
[White "Bigrezi"]
[Black "Apdash"]
[WhiteElo "2240"]
[BlackElo "2210"]
[Result "1-0"]
[Round "1"]
1.e4 c5
2.Ng1f3 Nb8c6
3.d4 cxd4
4.Nf3xd4 Ng8f6
5.Nb1c3 d6
6.Bf1b5 Bc8d7
7.O-O a6
8.Nd4xc6 bxc6
9.Bb5c4 e6
10.Qd1e2 d5
11.exd5 cxd5
12.Nc3xd5 Nf6xd5
13.Bc4xd5 Ra8c8
14.Bd5b3 Bf8e7
15.Qe2xa6 O-O
16.Bc1f4 Rc8c5
17.Ra1d1 e5
18.Bf4e3 Rc5c6
19.Qa6d3 Rc6d6
20.Qd3c4 Rd6c6
21.Qc4d5 Rc6d6
22.Qd5xe5 Rd6g6
23.Rf1e1 Qd8a8
24.Bb3d5 Bd7c6
25.a3 Be7f6
26.Qe5e4 Bc6xd5
27.Qe4xd5 Bf6xb2
28.Be3c5 Qa8xd5
29.Rd1xd5 Rf8a8
30.Re1d1 h6
31.Rd5d8 Ra8xd8
32.Rd1xd8 Kh7
33.h3 Rg6a6
34.Rd8d3 Ra6c6
35.Rd3d5 Rc6a6
36.Rd5d3 Ra6c6
37.Rd3b3 Bb2c1
38.Rb3b5 Rc6a6
39.Rb5b1 Bc1d2
40.Bc5b4 Bd2f4
41.c4 Bf4e5
42.Rb1e1 f6
43.g3 g5
44.Kg2 Kg6
45.Kf3 h5
46.Ke4 Be5b2
47.Re1e3 f5
48.Kd5 f4
49.Re3e6 Ra6xe6
50.Kxe6 Bb2d4
51.gxf4 gxf4
52.f3 Kg5
53.Bb4e7 Kg6
54.c5 { resign }
1-0

[Event "Tourn. n9731"]
[Site "www.chess-mail.com"]
[Date "2018.03.11"]
[Round "1"]
[White "Caroluigi"]
[Black "Dussek"]
[WhiteElo "1740"]
[BlackElo "1720"]
[Result "1-0"]
[Round "1"]
1.d4 Ng8f6
2.c4 c5
3.d5 d6
4.Nb1c3 a6
5.e4 g6
6.Bf1d3 Bf8g7
7.Ng1f3 e5
8.O-O O-O
9.Bc1d2 Bc8d7
10.Qd1c1 b5
11.cxb5 axb5
12.Nc3xb5 Nb8a6
13.Nb5xd6 Na6b4
14.Bd2xb4 cxb4
15.Nf3xe5 Ra8b8
16.f4 Qd8b6
17.Kh1 Qb6xd6
18.Qc1d1 Bd7b5
19.Bd3xb5 Rb8xb5
20.Qd1e2 Rf8b8
21.Ne5c6 Rb8b7
22.e5 Qd6xd5
23.exf6 Bg7xf6
24.Qe2e8 Kg7
25.b3 Rb5c5
26.Nc6e5 Rb7e7
27.Qe8b8 Rc5b5
28.Qb8c8 Rb5c5
29.Qc8b8 Re7b7
30.Qb8e8 Rc5c2
31.Rf1g1 Rc2f2
32.Ra1d1 Qd5b5
33.Rd1d7 Rb7xd7
34.Ne5xd7 Rf2xf4
35.Qe8f8 
1-0

[Event "Tourn. n9742"]
[Site "www.chess-mail.com"]
[Date "2018.03.11"]
[Round "1"]
[White "Apdash"]
[Black "Fantomas"]
[WhiteElo "2220"]
[BlackElo "2290"]
[Result "0-1"]
[Round "1"]
1.e4 d5
2.exd5 Ng8f6
3.c4 c6
4.dxc6 Nb8xc6
5.d3 e5
6.Ng1f3 Bf8b4
7.Nb1c3 e4
8.dxe4 Bb4xc3
9.bxc3 Qd8xd1
10.Kxd1 Nf6xe4
11.Kc2 Ne4xf2
12.Rh1g1 O-O
13.Nf3d4 Rf8e8
14.Bc1a3 Nc6xd4
15.cxd4 Bc8f5
16.Kc3 Re8e3
17.Kb2 Ra8e8
18.d5 b6
19.h3 Bf5d3
20.Bf1xd3 Nf2xd3
21.Kc2 Nd3e1
22.Kb2 Re3e2
23.Kb3 Ne1c2
24.Ba3b2 Re8e3
25.Ka4 Nc2xa1
26.Bb2xa1 Re2xa2
27.Kb5 Ra2a5
28.Kc6 Ra5c5
29.Kd7 Rc5xc4
30.d6 f6
31.g4 Kf7
32.g5 f5
33.h4 Rc4xh4
34.Rg1c1 Rh4a4
35.Kc7 Re3d3
36.d7 Ke7
37.Rc1e1 Ra4e4
38.Re1xe4 fxe4
39.d8Q Rd3xd8
40.Ba1xg7 Rd8d5
41.Bg7f6 Ke6
{ resign }
0-1

[Event "Tourn. n9689"]
[Site "www.chess-mail.com"]
[Date "2018.03.11"]
[Round "1"]
[White "Prize64"]
[Black "Fantomas"]
[WhiteElo "2150"]
[BlackElo "2220"]
[Result "1/2-1/2"]
[Round "1"]
1.e4 e5
2.Ng1f3 Nb8c6
3.Bf1b5 Nc6d4
4.Nf3xd4 exd4
5.d3 a5
6.a4 Qd8f6
7.O-O h5
8.f4 c6
9.Bb5c4 d6
10.e5 Qf6f5
11.exd6 Bf8xd6
12.Nb1a3 Ng8e7
13.Qd1f3 O-O
14.Bc1d2 Qf5g6
15.Kh1 Bc8g4
16.Qf3g3 Ne7f5
17.Qg3f2 h4
18.Bc4b3 Bg4h5
19.Na3c4 Bd6c7
20.Nc4e5 Qg6h7
21.Kg1 Ra8d8
22.Ra1e1 Kh8
23.g4 hxg3
24.hxg3 Nf5h6
25.Qf2h2 Bh5g6
26.Ne5xg6 Qh7xg6
27.Kg2 Kg8
28.Re1e4 Rf8e8
29.Rf1e1 Kf8
30.f5 Qg6f6
31.Bd2xh6 gxh6
32.Qh2h5 Re8xe4
33.Re1xe4 Rd8d7
34.Qh5h3 Rd7e7
35.Re4xe7 Kxe7
36.Qh3g4 Bc7e5
37.Qg4e4 Qf6g7
38.Qe4h4 Qg7g5
{ draw }
1/2-1/2

[Event "Tourn. n9762"]
[Site "www.chess-mail.com"]
[Date "2018.03.11"]
[Round "1"]
[White "Sefj"]
[Black "Reda"]
[WhiteElo "2140"]
[BlackElo "2159"]
[Result "1-0"]
[Round "1"]
1.e4 e5
2.Ng1f3 Nb8c6
3.Bf1c4 h6
4.c3 Ng8f6
5.Qd1e2 Bf8c5
6.b4 Bc5b6
7.b5 Nc6e7
8.Bc4xf7 Kxf7
9.Nf3xe5 Ke8
10.Qe2c4 d5
11.exd5 Qd8xd5
12.Qc4e2 Bc8d7
13.Bc1a3 Bd7xb5
14.c4 Bb5xc4
15.Ne5d3 c5
16.Nb1c3 Bc4xd3
17.Nc3xd5 Bd3xe2
18.Nd5xf6 gxf6
19.Kxe2 Kf7
20.Rh1c1 Ra8c8
21.Rc1c4 Rh8e8
22.Kf1 Ne7f5
23.Rc4f4 Nf5d4
24.Ba3b2 Kg6
25.h4 f5
26.g3 Nd4e2
27.Rf4f3 c4
28.Kg2 Bb6a5
29.Ra1d1 c3
30.dxc3 Ba5xc3
31.Rd1d6 Kf7
32.Rf3xf5 Ke7
33.Bb2a3 Rc8c6
34.Rd6xc6 Kd7
35.Rc6d6 Kc7
36.Rf5f7 Kc8
37.Rd6d7 Re8g8
38.Rd7c7 Kd8
39.Rf7d7 Ke8
40.Rc7xb7 Rg8g6
41.Rd7e7 Kf8
42.Re7g7 { resign }
1-0

[Event "Tourn. n9646"]
[Site "www.chess-mail.com"]
[Date "2018.03.11"]
[Round "1"]
[White "Apdash"]
[Black "Jopesilo"]
[WhiteElo "2200"]
[BlackElo "2059"]
[Result "0-1"]
[Round "1"]
1.d4 d5
2.Ng1f3 c6
3.e3 Bc8f5
4.Bf1d3 Bf5xd3
5.Qd1xd3 e6
6.O-O Ng8f6
7.c4 Nb8d7
8.Nb1c3 Bf8b4
9.a3 Bb4xc3
10.bxc3 Qd8a5
11.a4 O-O
12.cxd5 cxd5
13.Bc1a3 Rf8c8
14.Ba3b4 Qa5c7
15.a5 Qc7c4
16.Qd3xc4 Rc8xc4
17.Nf3d2 Rc4c6
18.Rf1b1 a6
19.f3 Ra8e8
20.h3 h5
21.e4 g6
22.Ra1a2 b5
23.axb6 Rc6xb6
24.Rb1a1 Re8a8
25.e5 Nf6e8
26.g4 Ne8g7
27.Kf2 Nd7b8
28.Bb4c5 Rb6c6
29.Ra1b1 Nb8d7
30.Bc5b4 Rc6b6
31.Rb1a1 Kh7
32.Nd2b3 Ng7e8
33.Kg3 Kh6
34.f4 Ne8c7
35.Ra2f2 Nc7b5
36.Ra1f1 Nb5xc3
37.Bb4xc3 Rb6xb3
38.Rf2f3 Ra8c8
39.Bc3d2 Rb3b2
40.Bd2e3 Rc8c2
41.f5 g5
42.Rf1f2 Rc2xf2
43.Be3xf2 h4
44.Kg2 Rb2b6
45.fxe6 fxe6
46.Rf3f7 Nd7b8
47.Rf7f6 Kg7
48.Bf2e3 Nb8d7
49.Rf6f2 Kg6
50.Rf2c2 Rb6b3
51.Kf2 a5
52.Rc2a2 Nd7b6
53.Be3c1 a4
54.Kg2 Rb3c3
55.Bc1a3 Nb6c4
56.Ba3c5 Rc3c2
57.Ra2xc2 Nc4e3
58.Kf2 Ne3xc2
59.Bc5b6 a3
60.Bb6a5 a2
61.Ba5c3 a1Q
62.Bc3xa1 Nc2xa1
63.Ke2 Na1c2
64.Kd3 Nc2e1
65.Ke2 Ne1g2
66.Kf1 Ng2f4
67.Kg1 Nf4e2
68.Kf2 Ne2xd4
69.Ke3 Nd4c6
70.Ke2 Nc6xe5
71.Ke3 Ne5c4
72.Kd4 Kf6
73.Kd3 Ke5
{ resign }
0-1

[Event "Tourn. n9719"]
[Site "www.chess-mail.com"]
[Date "2018.03.11"]
[Round "1"]
[White "Julian"]
[Black "Caroluigi"]
[WhiteElo "1780"]
[BlackElo "1610"]
[Result "0-1"]
[Round "1"]
1.e4 e5
2.Ng1f3 Nb8c6
3.Bf1b5 Ng8f6
4.d3 Bf8c5
5.O-O Nc6d4
6.Nf3xd4 Bc5xd4
7.c3 Bd4b6
8.Bc1e3 O-O
9.Nb1d2 c6
10.Bb5a4 d5
11.exd5 Nf6xd5
12.Be3xb6 Nd5xb6
13.Ba4c2 Rf8e8
14.Rf1e1 Bc8f5
15.Nd2e4 Nb6d5
16.Qd1f3 Bf5g6
17.Ra1d1 Bg6xe4
18.Re1xe4 Qd8b6
19.Re4h4 Qb6xb2
20.Qf3e2 Nd5xc3
21.Qe2h5 Nc3xd1
22.Qh5xh7 Kf8
23.Bc2xd1 Qb2d2
24.Qh7h8 Ke7
25.Qh8h5 Qd2e1

0-1

[Event "Tourn. n9667"]
[Site "www.chess-mail.com"]
[Date "2018.03.11"]
[Round "1"]
[White "Bojan"]
[Black "Fabos12"]
[WhiteElo "2100"]
[BlackElo "2010"]
[Result "1-0"]
[Round "1"]
1.e4 e6
2.d4 d5
3.Qd1f3 Ng8f6
4.e5 Nf6e4
5.Nb1d2 f5
6.exf6 Ne4xf6
7.Bf1d3 c5
8.dxc5 Nb8c6
9.Nd2b3 e5
10.Qf3e2 a6
11.Bc1d2 e4
12.f3 Qd8e7
13.fxe4 dxe4
14.Bd3c4 Bc8g4
15.Qe2e3 Nc6e5
16.Bc4e2 Bg4f5
17.Bd2b4 Nf6d5
18.Qe3d2 e3
19.Qd2xd5 Ra8d8
20.O-O-O Rd8xd5
21.Ng1f3 Rd5xd1
22.Rh1xd1 Ne5xf3
23.Be2xf3 Qe7g5
24.Rd1e1 Qg5f4
25.Bb4d2 Bf8xc5
26.Nb3xc5 Qf4c4
27.Re1xe3 Kf7
28.Nc5d3 Bf5xd3
29.Re3xd3 Kg6
30.Bf3xb7 Rh8f8
31.b3 Rf8f1
32.Kb2 Qc4c7
33.Rd3g3 Kf7
34.Bb7xa6 Rf1f2
35.Ba6c4 Ke8
36.Bd2b4 g6
37.Rg3e3 Kd8
38.Re3d3 Ke8
39.Bb4d6 Qc7g7
40.Rd3c3 Kd7
41.Bd6g3 Rf2xg2
42.a4 Qg7d4
43.a5 Rg2xg3
44.hxg3 Kc6
45.b4 g5
46.Kb3 Kb7
47.b5 h5
48.Bc4e2 Qd4d5
49.Be2c4  { time }
1-0

[Event "Tourn. n9747"]
[Site "www.chess-mail.com"]
[Date "2018.03.11"]
[Round "1"]
[White "Libiesse"]
[Black "Caroluigi"]
[WhiteElo "1810"]
[BlackElo "1800"]
[Result "1/2-1/2"]
[Round "1"]
1.d4 d5
2.c4 c6
3.cxd5 cxd5
4.Nb1c3 e6
5.Ng1f3 Ng8f6
6.Bc1g5 Nb8c6
7.e3 Bf8e7
8.a3 O-O
9.Bf1d3 h6
10.Bg5h4 a6
11.O-O Rf8e8
12.Ra1c1 Nf6d7
13.Bh4xe7 Re8xe7
14.b4 Nd7f6
15.Nc3a4 Nc6a7
16.Na4c5 Nf6d7
17.Nc5b3 b5
18.Qd1d2 Ra8b8
19.Nb3c5 Bc8b7
20.Rc1c3 Nd7xc5
21.Rc3xc5 Rb8c8
22.Rf1c1 Re7c7
23.Rc1c3 Rc7xc5
24.Rc3xc5 Rc8xc5
25.bxc5 f6
26.Kf1 a5
27.Qd2b2 Qd8b8
28.h4 Bb7c6
29.h5 b4
30.axb4 Bc6b5
31.Ke2 Na7c6
32.Nf3e1 axb4
33.Kd2 Bb5c4
34.Bd3g6 b3
35.Qb2a3 f5
36.Kc1 Nc6xd4
37.exd4 Qb8f4
38.Kd1 Qf4xd4
39.Kc1 Qd4c3
40.Kd1 Qc3d4
{ draw }
1/2-1/2

[Event "Tourn. n9718"]
[Site "www.chess-mail.com"]
[Date "2018.03.11"]
[Round "1"]
[White "Bojan"]
[Black "Esperanza"]
[WhiteElo "1950"]
[BlackElo "2020"]
[Result "0-1"]
[Round "1"]
1.e4 c5
2.b3 d6
3.h3 Ng8f6
4.Qd1f3 e6
5.Bc1b2 Bf8e7
6.d4 cxd4
7.Bb2xd4 Nb8c6
8.Bd4c3 O-O
9.Nb1d2 Qd8c7
10.Bc3b2 Nc6b4
11.c4 Nb4c2
12.Kd1 Nc2xa1
13.Bb2xa1 Bc8d7
14.Bf1d3 Bd7c6
15.Ng1e2 a6
16.Ne2d4 Rf8d8
17.Ba1c3 Ra8c8
18.g4 Nf6d7
19.Qf3g3 Nd7c5
20.Nd4xc6 Qc7xc6
21.Bd3c2 b5
22.cxb5 axb5
23.Bc3b2 Nc5a4
24.Bb2d4 Qc6xc2
25.Ke2 Na4c3
26.Bd4xc3 Rc8xc3
27.f3 Be7g5
28.Rh1d1 Qc2d3
29.Ke1 Bg5xd2
{ resign }
0-1

[Event "Tourn. n9643"]
[Site "www.chess-mail.com"]
[Date "2018.03.11"]
[Round "1"]
[White "Aperturaf"]
[Black "Pdebonis"]
[WhiteElo "2630"]
[BlackElo "2710"]
[Result "1-0"]
[Round "1"]
1.e4 c5
2.Ng1f3 d6
3.d4 cxd4
4.Qd1xd4 Nb8c6
5.Bf1b5 Bc8d7
6.Bb5xc6 Bd7xc6
7.Nb1c3 Ng8f6
8.Bc1g5 e6
9.O-O-O Bf8e7
10.Rh1e1 O-O
11.Qd4d2 h6
12.Bg5f4 g5
13.Bf4xd6 Be7xd6
14.Qd2xd6 Qd8xd6
15.Rd1xd6 Ra8d8
16.Rd6xd8 Rf8xd8
17.Nf3e5 Rd8c8
18.Re1d1 Bc6xe4
19.Nc3xe4 Nf6xe4
20.Rd1d7 Ne4c5
21.Rd7e7 f6
22.Ne5g4 Kf8
23.Re7h7 Rc8c6
24.Ng4xf6 Nc5d3
25.Kb1 Nd3e1
26.c3 Rc6d6
27.a4 Rd6d1
28.Ka2 Rd1d2
29.Rh7xb7 a5
30.Nf6d7 Ke8
31.Nd7c5 Rd2xf2
32.Rb7b5 Ne1xg2
33.Rb5xa5 Ng2e3
34.Ra5a6 Kf7
35.Ra6xe6 Ne3d1
36.Re6xh6 Rf2xb2
37.Ka3 g4
38.Rh6d6 { resign }
1-0

[Event "Tourn. n9643"]
[Site "www.chess-mail.com"]
[Date "2018.03.11"]
[Round "1"]
[White "Aperturaf"]
[Black "Gvladutz"]
[WhiteElo "2630"]
[BlackElo "2500"]
[Result "1-0"]
[Round "1"]
1.e4 e5
2.Ng1f3 Nb8c6
3.d4 exd4
4.Nf3xd4 Bf8b4
5.c3 Bb4c5
6.Bc1e3 Bc5b6
7.Qd1g4 Ng8f6
8.Qg4xg7 Rh8g8
9.Qg7h6 Rg8g6
10.Qh6f4 d5
11.Bf1b5 Bc8d7
12.Bb5xc6 bxc6
13.Nb1d2 Qd8e7
14.Nd4f5 Bd7xf5
15.Qf4xf5 Rg6xg2
16.O-O-O Bb6xe3
17.fxe3 Qe7e6
18.Qf5f1 Rg2g6
19.exd5 cxd5
20.Qf1b5 c6
21.Qb5b7 Qe6c8
22.Qb7b4 Ra8b8
23.Qb4f4 Qc8b7
24.b3 Rb8d8
25.Rh1f1 Qb7e7
26.Rd1e1 Nf6d7
27.Qf4f5 Nd7e5
28.Nd2f3 Ne5xf3
29.Rf1xf3 Rg6g2
30.Rf3f2 Rg2xf2
31.Qf5xf2 Rd8d6
32.e4 dxe4
33.Qf2f5 e3
34.Qf5c8 Qe7d8
35.Re1xe3 Kf8
36.Qc8xd8 Rd6xd8
37.b4 Rd8d5
38.Kc2 Rd5h5
39.h3 Rh5h6
40.a4 Rh6h5
41.c4 a6
42.Kc3 Rh5h4
43.b5 cxb5
44.axb5 axb5
45.cxb5 f5
46.Re3e5 Rh4xh3
47.Kc4 Rh3h6
48.Kc5 Rh6f6
49.b6 Kg7
50.b7 Rf6f8
51.Kc6 Kf6
52.Re5a5 Rf8b8
53.Ra5a8 Rb8xb7
54.Kxb7 Ke5
55.Kc6 h5
56.Kc5 h4
57.Ra8e8 Kf4
58.Kd4 h3
59.Re8h8 Kg3
60.Ke3 Kg2
61.Ke2 h2
62.Rh8g8 Kh3
63.Kf2 h1N
64.Kf3 Kh2
65.Rg8f8 Kg1
66.Rf8xf5 Kf1
67.Rf5h5 Kg1
68.Rh5a5 Kh2
69.Ra5g5 { resign }
1-0

[Event "Tourn. n9726"]
[Site "www.chess-mail.com"]
[Date "2018.03.11"]
[Round "1"]
[White "Picifarkinca"]
[Black "Begory"]
[WhiteElo "1660"]
[BlackElo "1590"]
[Result "1-0"]
[Round "1"]
1.d4 d5
2.c4 Ng8f6
3.cxd5 Nf6xd5
4.e4 Nd5f6
5.Nb1c3 e6
6.a3 Nb8c6
7.Ng1f3 Bf8e7
8.Bf1b5 Bc8d7
9.O-O a6
10.Bb5a4  { time }
1-0